00788nam a2200205 a 4500008004100000020001500041050001800056100002500074245004000099250001200139260003700151300002200188350000900210500005300219650002300272650004000295995009600335999001700431952013400448120416s1992 ||||||||||||||||| || u a0030540178 aHF 5415.2 Chu aChurchill, Gilbert A10aBasic marketing research. (2nd ed.) a2nd ed. aFort Worth :bDryden Pressc1992 axxi, 837p. : ill. a0.00 aOne 'statistics command summary' chart inserted. 0aMARKETING RESEARCH 0aMARKETING--MANAGEMENT--CASE STUDIES D0.00FCBU-MAIN LIBRARY (Kitwe)H1I40.00M1UAVAILABLEZMain Library Open Access Collection c35583d35583 00102lcc4070a001b001cMain Library Open Access Collectiond2022-11-30l0oHF 5415.2 Chup005692r2022-11-30w2022-11-30y002